| 000 | 00907nam a2200241 i 4500 | ||
|---|---|---|---|
| 001 | 131668 | ||
| 003 | ES-MaACL | ||
| 005 | 20250813110913.0 | ||
| 007 | t| | ||
| 008 | 070214s1921 sp r ||||1| spa d | ||
| 100 | 1 |
_aRodríguez Carracido, José, _d1856-1928 _998407 |
|
| 245 | 1 | 3 |
_aLa alegación del estudiante y El testamento profesional : _bdos discursos del doctor Carracido. |
| 260 |
_aSantiago : _bRevista de Farmacia, _c1921 ( _fTip. de José M. Paredes) |
||
| 300 |
_a46 p. ; _c24 cm. |
||
| 530 | _aDisponible en formato digital. | ||
| 650 | 7 |
_aCiencia _2embne _910929 |
|
| 650 | 7 |
_aQuímica _2embne _916625 |
|
| 740 | 3 | 2 | _aEl testamento profesional. |
| 852 |
_aES-MaACL _j1638-F-23 _9 136462 _cDEPOF _zRevisado enlace: 02 de Abril de 2025 |
||
| 856 |
_uhttp://bdh-rd.bne.es/viewer.vm?id=0000199493&page=1 _yBiblioteca Digital Hispánica |
||
| 942 | _2udc | ||
| 999 |
_c131668 _d131668 |
||